[Event "ICS rated standard match"]
[Site "204.178.125.65"]
[Date "2000.08.30"]
[Round "?"]
[White "Hossa"]
[Black "stevesand"]
[Result "1-0"]
[WhiteElo "2319"]
[BlackElo "2051"]
[PlyCount "119"]
[EventDate "2000.??.??"]

1. e4 c6 2. d4 d5 3. Nc3 dxe4 4. Nxe4 Nd7 5. Bc4 Ngf6 6. Ng5 e6 7. Qe2 Nb6 8.
Bd3 h6 9. N5f3 c5 10. dxc5 Nbd7 11. b4 a5 12. c3 axb4 13. cxb4 b6 14. Nd4 Nxc5
15. Bb5+ Ncd7 16. Bd2 Bb7 17. Ngf3 Be7 18. O-O O-O 19. Nc6 Bxc6 20. Bxc6 Ra3
21. Rfc1 Qb8 22. Rc4 Rd8 23. Bc1 Ra7 24. Rd4 Nf8 25. Bf4 Qc8 26. Rxd8 Qxd8 27.
Qc4 Ng6 28. Be3 Qc7 29. Rc1 Ne5 30. Nxe5 Qxe5 31. Bxb6 Ra3 32. Bd4 Qf4 33. Rd1
Ng4 34. g3 Qf5 35. Bb7 Qh5 36. Qc8+ Kh7 37. Qc2+ g6 38. f3 Nxh2 39. Qxh2 Qxh2+
40. Kxh2 Rxa2+ 41. Kh3 Bxb4 42. Bf6 Rd2 43. Rc1 Bf8 44. Rc7 Kg8 45. Rc8 Rd7 46.
Bc6 Ra7 47. Bd4 Ra6 48. Bc5 Rxc6 49. Rxc6 Bxc5 50. Rxc5 Kg7 51. Rc7 h5 52. Kh4
Kf6 53. f4 Kg7 54. Kg5 Kf8 55. Kf6 Kg8 56. Rxf7 h4 57. gxh4 e5 58. fxe5 g5 59.
e6 gxh4 60. e7 {stevesand resigns} 1-0

[Event "ICS rated standard match"]
[Site "204.178.125.65"]
[Date "2000.08.30"]
[Round "?"]
[White "stevesand"]
[Black "Hossa"]
[Result "0-1"]
[WhiteElo "2045"]
[BlackElo "2325"]
[PlyCount "145"]
[EventDate "2000.??.??"]

1. c4 e5 2. Nc3 Nf6 3. Nf3 Nc6 4. g3 Bb4 5. Nd5 Bc5 6. Bg2 d6 7. O-O O-O 8. d3
Nxd5 9. cxd5 Nd4 10. Rb1 Nxf3+ 11. Bxf3 Bh3 12. Re1 Qf6 13. b4 Bb6 14. Bd2 a6
15. Qc1 Rfe8 16. Be3 Bxe3 17. Qxe3 Re7 18. Rec1 Rd7 19. Rc4 Qd8 20. Rbc1 a5 21.
b5 Re7 22. a4 f6 23. R1c3 Rc8 24. Qe4 Rf7 25. Qh4 Bf5 26. Bg4 Bxg4 27. Qxg4 f5
28. Qh5 b6 29. Rh4 g6 30. Qh6 Qe7 31. Rhc4 f4 32. gxf4 exf4 33. Qh3 Qg5+ 34.
Kf1 Re8 35. Qf3 Ree7 36. Re4 Rxe4 37. dxe4 Qe5 38. Qd3 f3 39. exf3 Qxh2 40. Qc2
Qh1+ 41. Ke2 Kf8 42. Qc1 Qxc1 43. Rxc1 h6 44. Ke3 g5 45. Rh1 Kg7 46. Rg1 Kg6
47. Rg4 h5 48. Rg1 h4 49. Rh1 Kg7 50. Rg1 Kh6 51. Rh1 Kh5 52. Rh2 Rf8 53. Rh1
Rf4 54. Rh2 Kg6 55. Rh1 Rf8 56. Rh2 Kg7 57. Rh1 Kh6 58. Rh2 Rf6 59. Rh1 Kh5 60.
Rh2 Rh6 61. Rh1 Rh8 62. Rc1 h3 63. Rh1 Kg6 64. Rh2 Rh4 65. Ke2 Kf6 66. Ke3 Ke5
67. Rh1 h2 68. Kd3 Kf4 69. Ke2 Rh5 70. Kd3 Kxf3 71. Kd4 g4 72. Kd3 Kxf2 73. Kd4
{stevesand resigns} 0-1

[Event "ICS rated standard match"]
[Site "204.178.125.65"]
[Date "2000.08.30"]
[Round "?"]
[White "Hossa"]
[Black "stevesand"]
[Result "1-0"]
[WhiteElo "2330"]
[BlackElo "2040"]
[PlyCount "165"]
[EventDate "2000.??.??"]

1. e4 c6 2. d4 d5 3. Nc3 dxe4 4. Nxe4 Nd7 5. Ng5 Ngf6 6. Bd3 e6 7. N1f3 Bd6 8.
Qe2 h6 9. Ne4 Nxe4 10. Qxe4 Nf6 11. Qe2 Qc7 12. Bd2 b6 13. Ne5 Bb7 14. O-O O-O
15. Bf4 c5 16. dxc5 Qxc5 17. Rad1 Rad8 18. Bg3 Qb4 19. c3 Qc5 20. Rd2 Be7 21.
Rfd1 Kh8 22. Bb5 Rxd2 23. Rxd2 Kg8 24. Nd7 Nxd7 25. Rxd7 a6 26. Rxb7 axb5 27.
b4 Qg5 28. f4 Qf6 29. Qxb5 Rd8 30. Qe2 Bf8 31. Be1 Qxf4 32. Rxb6 Qc1 33. Rb7
Rd1 34. Kf2 Qf4+ 35. Qf3 Qh4+ 36. g3 Qxh2+ 37. Kf1 Rd8 38. Bf2 f6 39. a4 e5 40.
Ke1 Qh3 41. Rc7 Qe6 42. Qe4 Qd6 43. Qc4+ Kh8 44. Kf1 Qd1+ 45. Kg2 Qxa4 46. Rc8
Qd1 47. Rxd8 Qxd8 48. Qf7 Qa8+ 49. Kf1 Qa6+ 50. Ke1 Qa1+ 51. Ke2 Qb2+ 52. Kf1
Qb1+ 53. Be1 Qd3+ 54. Kg1 Qe3+ 55. Bf2 Qc1+ 56. Kg2 Bd6 57. Qd5 Be7 58. Qd7 Bf8
59. Qc8 Kg8 60. Bc5 Qd2+ 61. Kh3 Qe2 62. Qxf8+ Kh7 63. Qa8 Qf1+ 64. Kh2 Qe2+
65. Qg2 Qh5+ 66. Kg1 Qd1+ 67. Qf1 Qg4 68. Kg2 Qe4+ 69. Qf3 Qc2+ 70. Bf2 g6 71.
Qxf6 Qxc3 72. Qf7+ Kh8 73. Qxg6 Qxb4 74. Qxh6+ Kg8 75. Qe6+ Kh7 76. Qf7+ Kh8
77. Qe8+ Kg7 78. Qxe5+ Kg6 79. Qe8+ Kh7 80. Qh5+ Kg8 81. Qg5+ Kf7 82. Qf4+ Ke6
83. Qxb4 {stevesand resigns} 1-0

[Event "ICS rated standard match"]
[Site "204.178.125.65"]
[Date "2000.08.30"]
[Round "?"]
[White "stevesand"]
[Black "Hossa"]
[Result "0-1"]
[WhiteElo "2035"]
[BlackElo "2335"]
[PlyCount "114"]
[EventDate "2000.??.??"]

1. c4 e5 2. Nc3 Nf6 3. Nf3 Nc6 4. g3 Bb4 5. Nd5 Bc5 6. Bg2 d6 7. O-O O-O 8. d3
Nxd5 9. cxd5 Nd4 10. Rb1 Nxf3+ 11. Bxf3 Bh3 12. Re1 Qf6 13. b4 Bb6 14. Bd2 a6
15. Qc1 Rfe8 16. Be3 Bxe3 17. Qxe3 Re7 18. Rec1 Qg6 19. Rc4 Qf5 20. Rbc1 Qc8
21. R1c3 Qd8 22. Qg5 f6 23. Qc1 Rc8 24. Qa3 Bf5 25. Qa5 Qd7 26. Rc1 Bh3 27. Qa3
f5 28. Qc3 g5 29. Qd2 f4 30. Be4 h6 31. R1c3 Qe8 32. Rc2 Qf7 33. Qc1 Qg7 34.
Kh1 Rf7 35. Qg1 Kh8 36. f3 g4 37. d4 gxf3 38. exf3 b5 39. Rc6 exd4 40. Rxa6 d3
41. Rd2 Rg8 42. Rxd3 fxg3 43. hxg3 Bf5 44. Bxf5 Rxf5 45. g4 Rh5+ 46. Kg2 Qb2+
47. Kg3 Qe5+ 48. f4 Rxg4+ 49. Kxg4 Qf5+ 50. Kf3 Qxd3+ 51. Kf2 Qd4+ 52. Kf1
Qxf4+ 53. Qf2 Qc1+ 54. Kg2 Qh1+ 55. Kg3 Qh4+ 56. Kg2 Qh3+ 57. Kg1 Qh1# 0-1

[Event "ICS rated blitz match"]
[Site "204.178.125.65"]
[Date "2000.08.30"]
[Round "?"]
[White "Valg"]
[Black "Hossa"]
[Result "1-0"]
[WhiteElo "2595"]
[BlackElo "2508"]
[PlyCount "143"]
[EventDate "2000.??.??"]

1. e4 e5 2. Nc3 Nf6 3. Bc4 Nxe4 4. Qh5 Nd6 5. Bb3 Nc6 6. Nb5 g6 7. Qf3 Nf5 8.
Qd5 Nh6 9. d4 d6 10. Bxh6 Be6 11. Bg5 Qxg5 12. Nxc7+ Kd8 13. Qxe6 Kxc7 14.
Qxf7+ Be7 15. Nf3 Qxg2 16. Rg1 Qh3 17. Rg3 Qd7 18. dxe5 dxe5 19. Rd1 Bb4+ 20.
c3 Qxf7 21. Bxf7 Be7 22. Bd5 Rae8 23. Ke2 Bf6 24. Ng5 Bxg5 25. Rxg5 Rhf8 26.
Rg3 Rd8 27. Re3 Rd7 28. Rdd3 Rfd8 29. Be4 Nb8 30. a4 Rxd3 31. Rxd3 Rxd3 32.
Kxd3 Nd7 33. b4 Nf6 34. h4 Ng4 35. f3 Nf2+ 36. Ke3 Nd1+ 37. Kd2 Nb2 38. a5 Nc4+
39. Ke2 Nd6 40. Kd3 a6 41. c4 Nxe4 42. Kxe4 Kd6 43. Kd3 Kc6 44. Ke4 Kd6 45. Kd3
Kc6 46. Kd2 h6 47. Ke3 Kd6 48. Kd3 Ke6 49. b5 Kd7 50. Kc3 Kd6 51. Kb4 h5 52.
c5+ Kc7 53. c6 bxc6 54. b6+ Kc8 55. Kc4 Kd8 56. Kd3 Kd7 57. Ke4 c5 58. Kxe5 Kc6
59. f4 c4 60. Kd4 Kd6 61. Kxc4 Ke6 62. b7 Kf5 63. b8=Q Kg4 64. Qc8+ Kxh4 65.
Qxa6 g5 66. Qf6 Kh3 67. fxg5 h4 68. Qf3+ Kh2 69. g6 Kg1 70. g7 Kh2 71. g8=Q h3
72. Qgg3# {Hossa checkmated} 1-0

[Event "ICS Rated standard match"]
[Site "204.178.125.65"]
[Date "2000.08.30"]
[Round "?"]
[White "Hossa"]
[Black "Interceptor"]
[Result "1/2-1/2"]
[WhiteElo "2340"]
[BlackElo "2569"]
[PlyCount "152"]
[EventDate "2000.??.??"]

1. e4 c6 2. d4 d5 3. Nc3 dxe4 4. Nxe4 Nd7 5. Ng5 Ngf6 6. Bd3 e6 7. N1f3 Bd6 8.
O-O h6 9. Ne4 Nxe4 10. Bxe4 Nf6 11. Bd3 O-O 12. Re1 Qc7 13. Bd2 b6 14. Qc1 c5
15. Bxh6 Bb7 16. Qg5 Ne8 17. dxc5 bxc5 18. Bxg7 Nxg7 19. Qh6 Rfb8 20. Ng5 Be5
21. Rab1 Bd5 22. b3 Rd8 23. Re3 Rab8 24. c4 Bb7 25. Rbe1 Bxh2+ 26. Qxh2 Qxh2+
27. Kxh2 Nh5 28. Be4 Nf6 29. Rh3 a5 30. Bxb7 Rxb7 31. Nf3 a4 32. bxa4 Ra8 33.
Ne5 Rxa4 34. Rf3 Kg7 35. a3 Raa7 36. Ree3 Ra6 37. Rf4 Ne8 38. Rg3+ Kf8 39. Rh4
Nd6 40. Rh7 Nf5 41. Rgh3 Nd6 42. g4 Ne4 43. Re3 Nd2 44. Rd3 Kg8 45. Rh4 Ne4 46.
g5 Nxg5 47. Rg4 f6 48. Nd7 e5 49. Nxc5 Rh7+ 50. Kg2 Rc6 51. Ne4 Rh5 52. Rd5 Kf7
53. Nxg5+ Rxg5 54. Rxg5 fxg5 55. Rxe5 Rxc4 56. Rxg5 Ra4 57. Rg3 Ke6 58. Rb3
Rg4+ 59. Kf3 Ra4 60. Kg3 Kf5 61. f4 Ra6 62. Rc3 Rg6+ 63. Kf3 Ra6 64. Rd3 Ra4
65. Kf2 Rxf4+ 66. Ke3 Ke5 67. Ke2 Re4+ 68. Kf2 Rf4+ 69. Ke1 Re4+ 70. Kf1 Rf4+
71. Kg2 Rg4+ 72. Kf3 Rf4+ 73. Kg3 Re4 74. Kh3 Kf4 75. Kg2 Re2+ 76. Kf1 Ra2
1/2-1/2

[Event "ICS rated standard match"]
[Site "204.178.125.65"]
[Date "2000.08.30"]
[Round "?"]
[White "BrazilianMaster"]
[Black "Hossa"]
[Result "1-0"]
[WhiteElo "2553"]
[BlackElo "2349"]
[PlyCount "87"]
[EventDate "2000.??.??"]

1. c4 e5 2. Nc3 c6 3. d4 exd4 4. Qxd4 Qf6 5. Qd1 Bb4 6. Bd2 Qe6 7. e3 Nf6 8.
Nf3 O-O 9. Bd3 d5 10. cxd5 cxd5 11. Qc2 Qe7 12. a3 Ba5 13. O-O Nc6 14. b4 Bc7
15. Bxh7+ Nxh7 16. Nxd5 Bxh2+ 17. Nxh2 Qe5 18. Nc3 Nf6 19. Nf3 Qh5 20. Rac1 Bg4
21. Nd4 Nxd4 22. exd4 Bf5 23. Qd1 Ng4 24. Bf4 g5 25. f3 gxf4 26. fxg4 Bxg4 27.
Qd2 f3 28. gxf3 Bh3 29. Rfe1 Qxf3 30. Qg5+ Kh8 31. Re4 Bg4 32. Rc2 Bh5 33. Qh6+
Kg8 34. Rg2+ Qxg2+ 35. Kxg2 Rfe8 36. Nd5 Re6 37. Rxe6 fxe6 38. Qg5+ Kf7 39.
Qxh5+ Kg7 40. Qg5+ Kf7 41. Qf6+ Kg8 42. Ne7+ Kh7 43. Qg6+ Kh8 44. Qh6# {
Hossa checkmated} 1-0

[Event "ICS rated blitz match"]
[Site "204.178.125.65"]
[Date "2000.08.30"]
[Round "?"]
[White "Hossa"]
[Black "QueenMaxima"]
[Result "1/2-1/2"]
[WhiteElo "2496"]
[BlackElo "2603"]
[PlyCount "121"]
[EventDate "2000.??.??"]

1. e4 c5 2. Nf3 e6 3. d4 cxd4 4. Nxd4 Nc6 5. Nc3 Qc7 6. Be2 a6 7. O-O Nf6 8.
Kh1 Be7 9. Be3 O-O 10. f4 d6 11. Qe1 Nxd4 12. Bxd4 b5 13. e5 dxe5 14. fxe5 Nd7
15. Bf3 Rb8 16. Qe2 b4 17. Nd1 Rb5 18. Re1 Bc5 19. c3 Bb7 20. Bxb7 Qxb7 21. Qg4
bxc3 22. bxc3 Bxd4 23. cxd4 Rb4 24. a3 Rb3 25. Qf4 Rc8 26. Re2 Rb1 27. Rxb1
Qxb1 28. Re1 Qd3 29. Rf1 Rf8 30. a4 f6 31. Qf3 Qxd4 32. Qc6 fxe5 33. Qxe6+ Kh8
34. Qxa6 Rxf1+ 35. Qxf1 Qxa4 36. Ne3 e4 37. h3 Qa2 38. Qf5 Qa1+ 39. Kh2 Qe5+
40. Kg1 Qxf5 41. Nxf5 g6 42. Nd6 e3 43. Nc4 Kg7 44. Nxe3 Kf6 45. Kf2 Ke5 46.
Ng4+ Kd4 47. Ke2 h5 48. Ne3 Ne5 49. Nc2+ Ke4 50. g3 g5 51. Ne1 g4 52. hxg4 hxg4
53. Nc2 Nc4 54. Kf2 Kd5 55. Ne3+ Nxe3 56. Kxe3 Ke5 57. Kd3 Kd5 58. Ke3 Ke5 59.
Kd3 Kd5 60. Ke3 Ke5 61. Kd3 1/2-1/2

[Event "ICS rated blitz match"]
[Site "204.178.125.65"]
[Date "2000.08.30"]
[Round "?"]
[White "Hossa"]
[Black "counterplay"]
[Result "0-1"]
[WhiteElo "2501"]
[BlackElo "2742"]
[PlyCount "82"]
[EventDate "2000.??.??"]

1. e4 e6 2. d4 d5 3. Nc3 Bb4 4. e5 Ne7 5. a3 Bxc3+ 6. bxc3 c5 7. Qg4 O-O 8. Bg5
Qa5 9. Bd2 Nbc6 10. Nf3 f6 11. exf6 Rxf6 12. Qh5 c4 13. Be2 Qa4 14. Ra2 Rf5 15.
Qe8+ Rf8 16. Qh5 g6 17. Qg5 Bd7 18. O-O Rf7 19. Rb1 b6 20. Re1 Raf8 21. Ne5
Nxe5 22. dxe5 Nc6 23. f4 Qa5 24. Qh6 Nd4 25. g4 Ba4 26. Bd1 Nb5 27. Re2 Nxc3
28. Rf2 Qc5 29. Bxc3 Rxf4 30. Qxf8+ Rxf8 31. Be1 Qe3 32. Kf1 Rxf2+ 33. Bxf2 Qc1
34. Ke2 c3 35. Be1 Qf4 36. Rb2 cxb2 37. Bf2 b1=Q 38. Be3 Qxg4+ 39. Kd3 Qbxd1+
40. Bd2 Qe4+ 41. Kc3 Qdxc2# {Hossa checkmated} 0-1

[Event "ICS rated blitz match"]
[Site "204.178.125.65"]
[Date "2000.08.30"]
[Round "?"]
[White "Hossa"]
[Black "PostModernist"]
[Result "0-1"]
[WhiteElo "2487"]
[BlackElo "2696"]
[PlyCount "74"]
[EventDate "2000.??.??"]

1. d4 Nf6 2. c4 g6 3. Nc3 d5 4. Qb3 dxc4 5. Qxc4 Bg7 6. e4 O-O 7. Nf3 Na6 8.
Qb3 c5 9. d5 e6 10. Bxa6 bxa6 11. Bg5 exd5 12. Nxd5 Qa5+ 13. Bd2 Qd8 14. Nxf6+
Bxf6 15. Qc2 Bg4 16. O-O Bxf3 17. gxf3 Bd4 18. Rad1 Qf6 19. Kg2 Rfe8 20. Qc1
Re5 21. b3 Rh5 22. Bf4 g5 23. Bg3 Re8 24. Bc7 Qe6 25. Kh1 Be5 26. Bxe5 Qxe5 27.
f4 Qxe4+ 28. Kg1 gxf4 29. Rd3 f3 30. Rxf3 Qxf3 31. Rd1 Re2 32. Rf1 Ree5 33. Re1
Qg4+ 34. Kf1 Qh3+ 35. Kg1 Rxe1+ 36. Qxe1 Rg5+ 37. Kh1 Qg2# {Hossa checkmated}
0-1

[Event "ICS rated blitz match"]
[Site "204.178.125.65"]
[Date "2000.08.30"]
[Round "?"]
[White "PostModernist"]
[Black "Hossa"]
[Result "1/2-1/2"]
[WhiteElo "2703"]
[BlackElo "2480"]
[PlyCount "214"]
[EventDate "2000.??.??"]

1. d4 Nf6 2. c4 c5 3. d5 g6 4. Nc3 Bg7 5. e4 d6 6. Bd3 e5 7. Nge2 Na6 8. a3 O-O
9. O-O Bd7 10. Bg5 h6 11. Bd2 Ne8 12. Qe1 Qh4 13. f4 Qxe1 14. Raxe1 exf4 15.
Bxf4 g5 16. Bg3 Nac7 17. b4 cxb4 18. axb4 b6 19. b5 a6 20. bxa6 Nxa6 21. Ra1 h5
22. Ra3 h4 23. Bf2 Nec7 24. Bxb6 Nb4 25. Rb3 Nxd3 26. Bxc7 Ra6 27. Nb5 Nc5 28.
Re3 Be5 29. Ned4 Re8 30. Rfe1 Bxb5 31. Nxb5 Bf4 32. R3e2 g4 33. Rf1 g3 34. h3
Be5 35. Re3 Kg7 36. Ree1 Nd3 37. Re2 f6 38. Rd2 Nf2 39. Rc2 Rc8 40. Re2 Rca8
41. c5 dxc5 42. Bxe5 fxe5 43. Nc7 Ra2 44. Rxa2 Rxa2 45. Ne6+ Kf7 46. Nxc5 Re2
47. Nd3 Ke7 48. Nxf2 gxf2+ 49. Rxf2 Rxe4 50. Kh2 Kd6 51. g4 hxg3+ 52. Kxg3 Kxd5
53. h4 Re1 54. h5 Rg1+ 55. Kf3 Ke6 56. Rh2 Rf1+ 57. Kg3 Rg1+ 58. Kf2 Rb1 59.
Rh4 Rb2+ 60. Kg3 Rb3+ 61. Kg2 Rb2+ 62. Kf3 e4+ 63. Rxe4+ Kf6 64. Rc4 Rb3+ 65.
Kf4 Kg7 66. Kg4 Kh8 67. Rc7 Rb4+ 68. Kf5 Rb5+ 69. Kg6 Rb6+ 70. Kg5 Rd6 71. Ra7
Rd5+ 72. Kf6 Rc5 73. Re7 Rd5 74. h6 Rd6+ 75. Kg5 Rd5+ 76. Kg6 Rd6+ 77. Kh5 Rd8
78. Rb7 Rd5+ 79. Kg4 Rd4+ 80. Kf3 Rd3+ 81. Kg4 Rd4+ 82. Kg5 Rd8 83. Ra7 Rg8+
84. Kh5 Rg3 85. Rd7 Rh3+ 86. Kg6 Rg3+ 87. Kf6 Rf3+ 88. Kg5 Rg3+ 89. Kh4 Rg2 90.
Kh5 Rh2+ 91. Kg5 Rg2+ 92. Kf5 Rf2+ 93. Kg6 Rg2+ 94. Kf6 Rg1 95. Kf5 Rf1+ 96.
Kg6 Rg1+ 97. Kh5 Rh1+ 98. Kg5 Rg1+ 99. Kh5 Rh1+ 100. Kg6 Rg1+ 101. Kf7 Rf1+
102. Ke7 Re1+ 103. Kf8 Rf1+ 104. Rf7 Rxf7+ 105. Kxf7 Kh7 106. Kf8 Kh8 107. h7
Kxh7 1/2-1/2

[Event "ICS rated blitz match"]
[Site "204.178.125.65"]
[Date "2000.08.30"]
[Round "?"]
[White "Hossa"]
[Black "counterplay"]
[Result "0-1"]
[WhiteElo "2489"]
[BlackElo "2749"]
[PlyCount "150"]
[EventDate "2000.??.??"]

1. e4 c5 2. Nf3 Nc6 3. d4 cxd4 4. Nxd4 Nf6 5. Nc3 d6 6. Bg5 Bd7 7. Qd2 Rc8 8.
O-O-O Nxd4 9. Qxd4 Qa5 10. Bd2 a6 11. f3 e5 12. Qd3 Be7 13. Kb1 Qd8 14. Bg5 Rc6
15. h4 O-O 16. f4 h6 17. Bxf6 Bxf6 18. fxe5 Bxe5 19. Nd5 Be6 20. Qd2 Re8 21. h5
Rc5 22. Qf2 Qa5 23. Qf3 Bxd5 24. exd5 Qb4 25. Qb3 Rxd5 26. Bc4 Qxb3 27. Bxb3
Rxd1+ 28. Rxd1 b5 29. c3 Re7 30. Re1 Kf8 31. a4 bxa4 32. Bxa4 Bg3 33. Rxe7 Kxe7
34. Bc6 f5 35. b4 Kf6 36. Bb7 Kg5 37. Bxa6 Kxh5 38. Kc2 Kg5 39. Bc4 Be1 40. Bd5
f4 41. Kb3 Bf2 42. Ka4 Kf5 43. Kb5 Be1 44. Kc6 Bxc3 45. b5 Ke5 46. b6 Bd4 47.
b7 Ba7 48. Bf3 g6 49. Bd1 d5 50. Kc7 d4 51. Bc2 g5 52. Bd3 g4 53. Be2 f3 54.
gxf3 g3 55. Bf1 Kf4 56. Kd7 Kxf3 57. Bc4 g2 58. Kc8 g1=Q 59. b8=B Bxb8 60. Bd3
Qg7 61. Kxb8 Qb7+ 62. Kxb7 h5 63. Kc6 Ke3 64. Bc2 d3 65. Bd1 h4 66. Kb5 d2 67.
Kc4 h3 68. Kc3 h2 69. Kb2 h1=Q 70. Kc2 Qc6+ 71. Kb3 Kd3 72. Ka3 Qb6 73. Bf3 Kc3
74. Bd1 Qb4+ 75. Ka2 Qb2# {Hossa checkmated} 0-1

[Event "ICS rated blitz match"]
[Site "204.178.125.65"]
[Date "2000.08.30"]
[Round "?"]
[White "QueenMaxima"]
[Black "Hossa"]
[Result "1-0"]
[WhiteElo "2621"]
[BlackElo "2483"]
[PlyCount "89"]
[EventDate "2000.??.??"]

1. d4 d5 2. c4 e6 3. Nc3 Nf6 4. cxd5 exd5 5. Bg5 Be7 6. Nf3 c6 7. Qc2 Na6 8. a3
Nc7 9. e3 Ne6 10. Bh4 O-O 11. Bd3 g6 12. O-O Bd6 13. Ne5 Ng7 14. e4 Ne6 15. Ng4
Be7 16. Bxf6 Bxf6 17. Nxf6+ Qxf6 18. exd5 Nxd4 19. Qd1 Re8 20. Re1 Rxe1+ 21.
Qxe1 cxd5 22. Qe8+ Kg7 23. Re1 Qd6 24. Re7 Qf4 25. Bf1 b6 26. g3 Qf5 27. Bh3
Qf6 28. Nxd5 Qf3 29. Bg2 Qd1+ 30. Re1 Nf3+ 31. Bxf3 Qxf3 32. Qe5+ Kh6 33. Re4
Bg4 34. Ne3 f5 35. Rf4 Qc6 36. Rxg4 Qc1+ 37. Kg2 Qc6+ 38. Kh3 g5 39. Nxf5+ Kg6
40. Qe7 Qg2+ 41. Kxg2 h6 42. Nxh6 Rg8 43. Qxg5+ Kh7 44. Qxg8+ Kxh6 45. Rh4# {
Hossa checkmated} 1-0

[Event "ICS rated bullet match"]
[Site "204.178.125.65"]
[Date "2000.08.30"]
[Round "?"]
[White "Hossa"]
[Black "Colorado"]
[Result "0-1"]
[WhiteElo "2497"]
[BlackElo "2516"]
[PlyCount "112"]
[EventDate "2000.??.??"]

1. e4 e5 2. Nf3 Nc6 3. Bb5 a6 4. Ba4 Nf6 5. Bxc6 dxc6 6. d3 Bd6 7. Nbd2 O-O 8.
Nc4 Bg4 9. O-O Qe7 10. h3 Bd7 11. Be3 h6 12. Nxd6 cxd6 13. Qe2 b5 14. Bb6 Nh5
15. Be3 Qf6 16. Nd2 Nf4 17. Qf3 Rfe8 18. d4 Rad8 19. Rfe1 c5 20. d5 a5 21. a4
bxa4 22. Bxf4 exf4 23. Rab1 Bb5 24. Qg4 Re7 25. c4 Bd7 26. Qd1 Rde8 27. Qc2 Qg6
28. Kh1 f5 29. f3 fxe4 30. Nxe4 Bf5 31. Qxa4 Bxe4 32. fxe4 Rxe4 33. Qxa5 Re2
34. Rg1 Rxg2 35. Qd2 f3 36. Qf4 Rxg1+ 37. Rxg1 Re1 38. Qh2 Qxg1+ 39. Qxg1 f2
40. Qf1 Rxf1+ 41. Kg2 Rb1 42. Kxf2 Rxb2+ 43. Ke3 Rb3+ 44. Kd2 Rxh3 45. Kc2 Rh5
46. Kb2 g5 47. Kc2 g4 48. Kb2 g3 49. Kb3 g2 50. Ka4 g1=Q 51. Kb5 Qb1+ 52. Kc6
Rf5 53. Kc7 Rf7+ 54. Kc6 Qb7+ 55. Kxd6 Rf6+ 56. Kxc5 Qb6# {Hossa checkmated}
0-1

[Event "ICS Rated blitz match"]
[Site "204.178.125.65"]
[Date "2000.08.30"]
[Round "?"]
[White "Hossa"]
[Black "PostModernist"]
[Result "1/2-1/2"]
[WhiteElo "2473"]
[BlackElo "2694"]
[PlyCount "256"]
[EventDate "2000.??.??"]

1. e4 c5 2. c3 d5 3. exd5 Qxd5 4. d4 Nf6 5. Nf3 e6 6. Bd3 Be7 7. O-O Nc6 8.
dxc5 O-O 9. Qc2 Qxc5 10. Ng5 g6 11. Be3 Qd6 12. Ne4 Qe5 13. Nxf6+ Qxf6 14. Nd2
Rd8 15. Rfd1 Bd7 16. Ne4 Qh4 17. Be2 e5 18. Bf3 Bf5 19. Rxd8+ Rxd8 20. Re1 Rd7
21. Qa4 Be6 22. b4 a6 23. b5 axb5 24. Qxb5 Bg4 25. Nd2 Bxf3 26. Nxf3 Qf6 27.
Bh6 Qf5 28. Qa4 Qe6 29. Qa8+ Bd8 30. Nd2 f5 31. Rd1 b5 32. Qa3 Be7 33. Qb3 Qxb3
34. axb3 g5 35. h4 gxh4 36. c4 bxc4 37. Rc1 Rd6 38. Be3 h3 39. Nxc4 Rg6 40. g4
fxg4 41. Rd1 Bh4 42. Rd7 g3 43. fxg3 Bxg3 44. Kh1 h5 45. Nd2 Rg4 46. Nc4 e4 47.
Nd6 Bxd6 48. Rxd6 Ne7 49. Rd8+ Kf7 50. Kh2 Nf5 51. Bc5 h4 52. Rf8+ Ke6 53. b4
Rg3 54. Re8+ Kd5 55. Rf8 Rf3 56. Rd8+ Kc4 57. Rf8 Kb5 58. Rb8+ Ka4 59. Rf8 Kb3
60. b5 Kc4 61. b6 Kxc5 62. b7 Rb3 63. b8=Q Rxb8 64. Rxb8 e3 65. Re8 Kd6 66.
Kxh3 Ne7 67. Rb8 Ke5 68. Rb5+ Kf4 69. Kxh4 Nf5+ 70. Kh5 Nd4 71. Rb1 Kf3 72. Kh6
Kf2 73. Rb2+ Kg3 74. Ra2 Kf4 75. Ra1 Nc2 76. Rf1+ Ke4 77. Rg1 e2 78. Rh1 Kd4
79. Rh4+ Ke5 80. Rh1 Kf5 81. Rc1 Kf4 82. Kg6 Ke3 83. Rh1 Kf3 84. Rc1 Kg3 85.
Rg1+ Kf2 86. Rc1 Kf3 87. Rb1 Kf2 88. Rc1 Ne3 89. Kh6 Nf5+ 90. Kg6 Nd4 91. Rh1
Nf3 92. Rc1 Ke3 93. Rb1 Kd3 94. Rb3+ Ke4 95. Rb4+ Kd5 96. Rb1 Ke6 97. Rb6+ Kd7
98. Rb1 Ke6 99. Rb6+ Ke5 100. Rb1 Nh4+ 101. Kh5 Ng2 102. Rb5+ Ke4 103. Rb1 Kf5
104. Rb5+ Kf4 105. Rb4+ Kf3 106. Rb1 Nf4+ 107. Kh6 Nd3 108. Ra1 Kg4 109. Rb1
Kf4 110. Rh1 Kg3 111. Kg7 Kg4 112. Rb1 Kf5 113. Rg1 Ke6 114. Rh1 Ke5 115. Rh5+
Kd6 116. Rh1 Ke6 117. Rg1 Ke5 118. Rb1 Kf4 119. Rh1 Kf3 120. Rb1 Ke3 121. Rg1
Kd4 122. Kg8 Kc4 123. Rh1 Kc5 124. Rh5+ Kd4 125. Rh1 Kc3 126. Rb1 Kd2 127. Kh8
e1=B 128. Rxe1 Nxe1 1/2-1/2

[Event "ICS Rated blitz match"]
[Site "204.178.125.65"]
[Date "2000.08.30"]
[Round "?"]
[White "Hossa"]
[Black "QueenMaxima"]
[Result "1/2-1/2"]
[WhiteElo "2482"]
[BlackElo "2625"]
[PlyCount "246"]
[EventDate "2000.??.??"]

1. e4 c5 2. Nf3 e6 3. d4 cxd4 4. Nxd4 Nc6 5. Nc3 Qc7 6. Be2 a6 7. O-O Nf6 8.
Kh1 Be7 9. Be3 O-O 10. f4 d6 11. Qe1 Nxd4 12. Bxd4 b5 13. e5 dxe5 14. fxe5 Nd7
15. Bf3 Rb8 16. Qe2 b4 17. Nd1 Rb5 18. Re1 Bc5 19. c3 Qb6 20. Qd3 Rd8 21. Qc4
Bb7 22. Bxc5 Nxc5 23. Bxb7 Nxb7 24. Rc1 Nc5 25. Nf2 bxc3 26. bxc3 Rb2 27. Rf1
Rdd2 28. Rcd1 Rxa2 29. Qf4 Rxd1 30. Rxd1 Qc7 31. Qd4 h6 32. Kg1 Re2 33. Qd6 Qa5
34. Qb8+ Kh7 35. Qb1+ g6 36. Qb4 Qc7 37. Ng4 Qc6 38. Nf6+ Kg7 39. Qg4 Rxe5 40.
Qd4 Kxf6 41. Rf1+ Ke7 42. Qxe5 Ne4 43. Qd4 Qc5 44. Qxc5+ Nxc5 45. Rb1 Kd6 46.
c4 Ke5 47. Rb8 Kd4 48. Rh8 Kxc4 49. Rxh6 Ne4 50. Rh4 Kd4 51. Rh7 Nd6 52. Rh4+
Kc5 53. Ra4 Kb5 54. Rd4 Nc4 55. Rd7 Ne5 56. Rb7+ Kc6 57. Ra7 Kb6 58. Ra8 a5 59.
Kf2 Nc4 60. Ke2 Kb7 61. Rd8 Kc7 62. Ra8 Kd6 63. Kd3 Ne5+ 64. Kc2 Nc6 65. Rf8
Ke7 66. Rc8 Kd7 67. Rf8 Nd8 68. Rh8 e5 69. Kb3 Ne6 70. Ka4 e4 71. Rh3 Kd6 72.
Kxa5 Nf4 73. Re3 Ke5 74. g3 Nd3 75. Re2 f6 76. Kb5 Kd4 77. Rc2 Ke5 78. Kc4 g5
79. Ra2 g4 80. Ra8 f5 81. Re8+ Kf6 82. Rf8+ Ke5 83. Ra8 Kd6 84. Ra6+ Ke7 85.
Kd4 Kf7 86. Ra7+ Kf6 87. Ra8 Kg6 88. Kd5 Kf7 89. Kd6 Kg6 90. Rf8 Kg7 91. Rxf5
e3 92. Rg5+ Kh6 93. Rxg4 e2 94. Re4 e1=Q 95. Rxe1 Nxe1 96. h3 Nc2 97. Ke5 Na3
98. Kf4 Nc2 99. Ke4 Na3 100. Kd3 Nb1 101. Kc2 Na3+ 102. Kb3 Nb1 103. Kb4 Nd2
104. h4 Nf1 105. Kc5 Nd2 106. g4 Nb3+ 107. Kd5 Na5 108. Ke5 Kh7 109. Ke6 Kh8
110. Kd5 Nb7 111. Ke5 Nd8 112. Kf6 Nb7 113. Kg6 Nd6 114. Kh5 Nb7 115. Kh6 Nd6
116. Kg6 Nb7 117. g5 Nd6 118. h5 Ne4 119. h6 Nf2 120. Kf5 Kh7 121. g6+ Kxh6
122. g7 Kh7 123. g8=Q+ Kxg8 1/2-1/2

[Event "ICS rated blitz match"]
[Site "204.178.125.65"]
[Date "2000.08.30"]
[Round "?"]
[White "QueenMaxima"]
[Black "Hossa"]
[Result "1/2-1/2"]
[WhiteElo "2641"]
[BlackElo "2488"]
[PlyCount "234"]
[EventDate "2000.??.??"]

1. d4 Nf6 2. Bf4 g6 3. Nf3 Bg7 4. e3 c5 5. c3 cxd4 6. cxd4 d6 7. Nbd2 Nd5 8.
Bg3 Nc6 9. Qb3 Nc7 10. Rc1 O-O 11. Bd3 Bd7 12. O-O Rc8 13. Be4 Na5 14. Qa3 Nc6
15. Rfd1 f5 16. Bc2 Be6 17. Ba4 Bd5 18. Rc2 Na5 19. Rdc1 b5 20. Qb4 Nc6 21.
Rxc6 bxa4 22. R6c2 Rb8 23. Qxa4 Nb5 24. b3 a5 25. a3 g5 26. Nxg5 f4 27. Bh4
fxe3 28. fxe3 Bf6 29. Ngf3 Bxh4 30. Nxh4 e6 31. Nhf3 Ba8 32. b4 axb4 33. Qxb4
Na7 34. Qc4 Qf6 35. Qa6 Nb5 36. a4 Bb7 37. Qa5 Na3 38. Rc7 Bxf3 39. Nxf3 d5 40.
Kh1 Ra8 41. Qb4 Nc4 42. Rb7 Nxe3 43. Re1 Nc4 44. Qb1 Qf5 45. Qxf5 Rxf5 46. Rxe6
Rf7 47. Rb4 Rfa7 48. Rb5 Rd8 49. h4 Rxa4 50. Re7 Ra1+ 51. Kh2 h5 52. Ng5 Nd2
53. Re5 Nf1+ 54. Kh3 Nd2 55. Rbxd5 Rxd5 56. Rxd5 Ra3+ 57. g3 Re3 58. Re5 Nc4
59. Rc5 Nd6 60. Rd5 Nc4 61. Rd8+ Kg7 62. d5 Re1 63. Ne6+ Kf7 64. Kg2 Re2+ 65.
Kf3 Re3+ 66. Kf2 Ra3 67. Rh8 Nd6 68. Kg1 Ne4 69. Rxh5 Rxg3+ 70. Kh2 Rg4 71.
Rh7+ Kf6 72. Nc7 Ke5 73. Rh5+ Kd6 74. Ne8+ Kc5 75. d6+ Kc6 76. Rh8 Nxd6 77.
Nxd6 Kxd6 78. h5 Rh4+ 79. Kg3 Rh1 80. Kg2 Rh4 81. h6 Ke6 82. Kg3 Rh1 83. Rc8
Rg1+ 84. Kf3 Rf1+ 85. Kg4 Rg1+ 86. Kh5 Rh1+ 87. Kg6 Rg1+ 88. Kh7 Kf6 89. Kh8
Kf7 90. h7 Rh1 91. Rc7+ Kf8 92. Rg7 Rf1 93. Rb7 Rg1 94. Rd7 Rf1 95. Rg7 Re1 96.
Ra7 Rf1 97. Rd7 Rg1 98. Rb7 Rf1 99. Rb8+ Kf7 100. Rd8 Rg1 101. Ra8 Re1 102. Rg8
Kf6 103. Rf8+ Ke7 104. Rb8 Kf7 105. Ra8 Rg1 106. Rd8 Rc1 107. Rg8 Kf6 108. Rf8+
Ke7 109. Rb8 Kf7 110. Rb7+ Kg6 111. Rg7+ Kh6 112. Kg8 Rc8+ 113. Kf7 Rc7+ 114.
Kf6 Rc6+ 115. Kf7 Rc7+ 116. Kf8 Rc8+ 117. Kf7 Rc7+ 1/2-1/2